Zlepšovanie procesov

Rozdelenie aktivít podniku na udržiavacie a zlepšovacie. Zlepšovanie podnikových procesov. Tri základné prístupy - kontinuálne zlepšovanie procesov, radikálne zlepšovanie procesov, evolučné zmeny. Prístup v japonských podnikoch - kaizen, v nemeckých podnikoch (KVP), v USA CIP alebo OIP. Popis a poch...

Descripción completa

Guardado en:
Detalles Bibliográficos
Autor principal: Krišťák, Jozef
Otros Autores: Boledovič, Ľudovít, Chebeňová, Dagmar
Formato: Capítulo de libro
Lenguaje:eslovaco
Materias:
Etiquetas: Agregar Etiqueta
Sin Etiquetas, Sea el primero en etiquetar este registro!

MARC

LEADER 00000naa a2200000 4500
001 r043906
005 20231002121051.8
041 0 |a slo 
044 |a SK 
245 1 0 |a Zlepšovanie procesov  |c Jozef Krišťák, Ľudovít Boledovič, Dagmar Chebeňová 
520 |a Rozdelenie aktivít podniku na udržiavacie a zlepšovacie. Zlepšovanie podnikových procesov. Tri základné prístupy - kontinuálne zlepšovanie procesov, radikálne zlepšovanie procesov, evolučné zmeny. Prístup v japonských podnikoch - kaizen, v nemeckých podnikoch (KVP), v USA CIP alebo OIP. Popis a pochopenie základných princípov fungovania jednotlivých prístupov k zlepšovaniu. Porovnanie rozličných typov kaizen aktivít. Krúžky kvality. Zlepšovacie skupiny. Spracovanie nápadov. 
610 2 0 |a zlepšovateľstvo 
610 2 0 |a procesy podnikové 
610 2 0 |a podnik 
610 2 0 |a zmeny organizačné 
610 2 0 |a zmeny technologické 
610 2 0 |a zmeny štruktúrne 
610 2 0 |a Japonsko 
610 2 0 |a USA 
610 2 0 |a Nemecko 
610 2 0 |a kaizen 
610 2 0 |a kvalita 
610 2 0 |a návrhy zlepšovacie 
100 1 |a Krišťák, Jozef 
700 1 |a Boledovič, Ľudovít 
700 1 |a Chebeňová, Dagmar